000 00225nam a2200097Ia 4500
005 20251222114402.0
008 251222s1900||||xx |||||||||||||| ||spa||
082 _aDVD0060/D33/2006
245 0 _aLittle miss sunshine
942 _cDVD
999 _c1670
_d1670